[Regionálna ekonómia a politika]
Recenzia na publikáciu, ktorá je rozčlenená do dvoch častí, obsahuje množstvo schém, grafov a tabuliek, ktoré vhodne dopĺňajú text a znázorňujú rôzne procesy. Autori na spestrenie uvádzajú v publikácii reálne príklady, čím sa im podarilo prepojiť teoretické poznatky s reálnym fungovaním a priebehom...
Uložené v:
| Hlavný autor: | |
|---|---|
| Médium: | Kapitola |
| Jazyk: | Slovak |
| Predmet: | |
| Tagy: |
Žiadne tagy, Buďte prvý, kto otaguje tento záznam!
|
MARC
| LEADER | 00000naa$a2200000$$$4500 | ||
|---|---|---|---|
| 001 | 0141754 | ||
| 005 | 20240502072536.7 | ||
| 041 | 0 | |a slo | |
| 044 | |a SK | ||
| 245 | 1 | 0 | |a [Regionálna ekonómia a politika] |c Jana Parízková |
| 520 | |a Recenzia na publikáciu, ktorá je rozčlenená do dvoch častí, obsahuje množstvo schém, grafov a tabuliek, ktoré vhodne dopĺňajú text a znázorňujú rôzne procesy. Autori na spestrenie uvádzajú v publikácii reálne príklady, čím sa im podarilo prepojiť teoretické poznatky s reálnym fungovaním a priebehom rozličných procesoch v regiónoch. | ||
| 610 | 2 | 0 | |a recenzie |
| 610 | 2 | 0 | |a politika regionálna |
| 610 | 2 | 0 | |a ekonomika priestorová |
| 610 | 2 | 0 | |a Slovensko |
| 610 | 2 | 0 | |a teória a prax |
| 100 | 1 | |a Parízková, Jana | |